Detalles MARC
| 000 -ENCABEZADO |
| Número de control [NR] |
02289nam a2200313Ia 4500 |
| 005 - FECHA Y HORA DE LA ÚLTIMA TRANSACCIÓN |
| control field |
20150318115834.0 |
| 008 - DE LONGITUD FIJA DE DATOS DE ELEMENTOS - INFORMACIÓN GENERAL |
| Elementos de longitud fija [NR] |
130821s2002 xx g q mlmul d |
| 040 ## - FUENTE DE CATALOGACION [NR] |
| Agencia de catalogación original [NR] |
CO-BoUCM |
| Idioma de catalogación [NR] |
spa |
| Quien Cataloga |
Aldrin Díaz (modificó) |
| Quien Clasifica |
[Nuevo] |
| 041 00 - CODIGO DE IDIOMA [R] |
| Código de idioma para texto/pista de sonido o título separado [R] |
Español |
| -- |
Inglés |
| -- |
Portugués |
| -- |
Francés |
| 092 ## - SIGNATURA TOPOGRAFICA LOCAL |
| Número de clasificación local |
DVD 0025 |
| 245 10 - MENCION DE TITULO [NR] |
| Título [NR] |
Hable con ella |
| Mención de responsabilidad, etc. [NR] |
Pedro Almodóvar, director |
| Medio físico [NR] |
[DVD] |
| 260 ## - PUBLICACION, DISTRIBUCION, ETC. (PIE DE IMPRENTA) [R] |
| Lugar de publicación, distribución, etc. [R] |
[Lugar desconocido] |
| Nombre del editor, distribuidor, etc. [R] |
Twentieht Century Fox |
| Fecha de publicación, distribución, etc. [R] |
2002 |
| 300 ## - DESCRIPCION FISICA [R] |
| Extensión [R] |
1 DVD, 112 minutos |
| Otros detalles físicos [NR] |
imagen, sonido, color |
| 500 ## - NOTA GENERAL [R] |
| Nota general [NR] |
SINOPSIS: Es una historia sobre la amistad entre dos hombres, la soledad, lalarga convalecencia de las heridas provocadas por la pasión, la comunicación y la incomunicación de las parejas. Del cine como vehículo ideal en las relaciones de las personas, de cómo el cine contado en palabras detiene el tiempo y se instala en la vida de quien lo cuenta y de quien lo escucha. "Hable con ella" es una película sobre la alegría de narrar y sobre la palabra como arma de huir de la soledad, la enfermedad, la muerte y la locura, esa locura tan cercana a la ternura y al sentido común que no se puede diferenciar de la normalidad |
| 508 ## - NOTA DE CREDITOS DE CREACION/PRODUCCION [R] |
| Nota de créditos de creación/producción [NR] |
CRÉDITOS: Dirigida por Pedro Almodóvar; dirección artística por Rafael Palmero; guion por Pedro Almodóvar; música por Alberto Iglesias; fotografía por Javier Aguirresarobe; montaje por Pepe Salcedo; vestuario por Sonia Grande |
| 511 1# - NOTA DE PARTICIPANTE O INTERPRETE [R] |
| Nota de participante o intérprete [NR] |
REPARTO: Javier Cámara (Benigno), Darío Grandinetti (Marco), Leonor Watling (Alicia), Rosario Flores (Lidia), Geraldine Chaplin (Katerina Bilova) |
| 546 ## - NOTA DE IDIOMA [R] |
| Nota de idioma [NR] |
Audio en Español y Portugés. Subtítulos en Español, Inglés y Portugués. |
| 586 ## - NOTA DE PREMIOS [R] |
| Nota de premios [NR] |
Ganadora del Globo de Oro a mejor película extranjera |
| 586 ## - NOTA DE PREMIOS [R] |
| Nota de premios [NR] |
Ganadora del premio de la Academia a mejor guion original |
| 650 04 - ASIENTO SECUNDARIO DE MATERIA - TERMINO TEMATICO [R] |
| Término temático o nombre geográfico como elemento de entrada [NR] |
Drama en el cine |
| Subdivisión de forma [R] |
DVD |
| 9 (RLIN) |
57124 |
| 650 04 - ASIENTO SECUNDARIO DE MATERIA - TERMINO TEMATICO [R] |
| Término temático o nombre geográfico como elemento de entrada [NR] |
Entretenimiento |
| 9 (RLIN) |
26487 |
| 650 04 - ASIENTO SECUNDARIO DE MATERIA - TERMINO TEMATICO [R] |
| Término temático o nombre geográfico como elemento de entrada [NR] |
Películas cinematográficas |
| Subdivisión geográfica [R] |
Brasil |
| Subdivisión de forma [R] |
DVD |
| 9 (RLIN) |
7903 |
| 650 04 - ASIENTO SECUNDARIO DE MATERIA - TERMINO TEMATICO [R] |
| Término temático o nombre geográfico como elemento de entrada [NR] |
Sociología |
| 9 (RLIN) |
24766 |
| 650 04 - ASIENTO SECUNDARIO DE MATERIA - TERMINO TEMATICO [R] |
| Término temático o nombre geográfico como elemento de entrada [NR] |
Soledad en el cine |
| 9 (RLIN) |
24833 |
| 700 1# - ASIENTO SECUNDARIO - NOMBRE PERSONAL [R] |
| Nombre personal [NR] |
Almodóvar Caballero, Pedro |
| Fechas asociadas con el nombre [NR] |
1951- |
| Término de relación [R] |
director |
| 9 (RLIN) |
55778 |
| 710 2# - ASIENTO SECUNDARIO - NOMBRE CORPORATIVO [R] |
| Nombre corporativo o de jurisdicción como elemento de entrada [NR] |
Twentieth Century Fox |
| 9 (RLIN) |
51777 |
| 856 ## - LOCALIZACION Y ACCESO ELECTRONICOS [R] |
| Identificador Uniforme del Recurso (“URI”) [R] |
<a href="https://youtu.be/iAdqAcfJvN8">https://youtu.be/iAdqAcfJvN8</a> |
| Nota dirigida al público [R] |
Siga este enlace para ver el trailer |
| -- |
Trailer tomado del canal thecultbox vía YouTube.com |
| 942 ## - ELEMENTOS DE ENTRADA AGREGADOS (KOHA) |
| Koha item type |
Multimedia |
| Source of classification or shelving scheme |
LOCAL |
| Tema principal |
Entretenimiento |
| Edition |
1 |
| Classification part |
DVD 0025 |